Générique Willy Boy - Paroles - Statistiques

Statistiques générales
  • Ce quiz a été pris 3 fois
  • Le résultat moyen est 8 sur 24
Statistiques - réponses
Paroles % Correct
Un petit {garçon}
100%
De belles {aventures}
67%
Des plaines du {Far}-{West}
67%
Seul dans la {nature}
67%
Sous le grand {soleil}
67%
Tout seul en {Amérique}
67%
Tu n'as peur de {rien}
67%
Tu t'en vas dans la {vie}
67%
Willy Boy, Willy {Boy}
67%
D'une histoire {fantastique}
33%
Les quatre {saisons}
33%
Malgré ton {âge}
33%
Petit {cowboy}
33%
Tendre et {gentil}
33%
Tu t'en vas sans {peur}
33%
Affronter tous les {dangers}
0%
Au détour du {chemin}
0%
C'est bien toi le plus {malin}
0%
Contre les {indiens}
0%
Dans l'ouest des {sauvages}
0%
Et tu {resteras}
0%
Pour trouver le {bonheur}
0%
Rien ne t'{arrêtera}
0%
Tu vas sans {trembler}
0%
Aucun quiz correspondant
Distribution des résultats
% des personnes avec chaque résultat
Percentile par nombre de réponses
Votre historique - résultats
Vous n’avez pas pris ce quiz